000
00306nam a2200109Ia 4500
008
220204s9999 xx 000 0 und d
082
_a
541.14
_b
SHI
245
0
_a
Photochemistry and photobiology of nucleic acids. V 1. Chemistry
260
_a
New York
_b
Academic
_c
1976
700
_a
Shih Yi Wang
942
_c
BK
999
_c
26012
_d
26012